00779nam a2200205 a 4500008004100000020001500041050001500056100002400071245003700095250001200132260004900144300005300193350000900246500003000255650001700285650001400302995010900316999001700425952013100442120416s1983 ||||||||||||||||| || u a0030629217 aGN 316 Hav aHaviland, William A10aCultural anthropology. (4th ed.) a4th ed. aNew York :bHolt, Rinehart and Winstonc1983 axx, 504 p., [16] p. of plates : ill. (some col.) a0.00 aBibliography: p. 486-495. aANTHROPOLOGY 0aETHNOLOGY D0.00FCBU-MAIN LIBRARY (Kitwe)H1I0.00M2UAVAILABLEWJun 12, 2007ZMain Library Open Access Collection c39276d39276 00102lcc4070a001b001cMain Library Open Access Collectiond2022-11-30l0oGN 316 Havp000696r2022-11-30w2022-11-30y002